| 000 | 00386pab a2200145 454500 | ||
|---|---|---|---|
| 008 | 180718b2001 xxu||||| |||| 00| 0 eng d | ||
| 100 | _aSingh, Amod Kumar | ||
| 245 | _aEmotional intelligence and organisational success | ||
| 260 | _c2001 | ||
| 300 | _ap.176-83. | ||
| 362 | _aOct | ||
| 650 | _aOrganizations | ||
| 773 | _aPrestige Journal of Management and Research | ||
| 909 | _a52453 | ||
| 999 |
_c52453 _d52453 |
||